000 00305nam a2200121Ia 4500
008 220204s9999 xx 000 0 und d
082 _a657.6
_bTHO
100 _aMclintock, Thomson
245 0 _aThomson Mclintock audit manual
260 _aLondon
_bMacmillan
_c1983
650 _aAudit manual
942 _cBK
999 _c38400
_d38400